Two new species of Earless frogs allied to Eleutherodactylus surdus (<Leptodactylidae>) from the Pacific slopes of the Ecuadorian Andes (Registro nro. 9188)

Detalles MARC
000 -CABECERA
Campo de control 006850000a22001930004500
090 ## - CLASIFICACIÓN LOCAL
Colección AR
Consecutivo 00087
041 0# - IDIOMA
Código de idioma para texto/pista de sonido o título separado
100 1# - ASIENTO PRINCIPAL--NOMBRE PERSONAL
Nombre personal Lynch, John D.
245 10 - MENCION DE TITULO
Título Two new species of Earless frogs allied to Eleutherodactylus surdus (<Leptodactylidae>) from the Pacific slopes of the Ecuadorian Andes
650 14 - ASIENTO SECUNDARIO DE MATERIA - TERMINO TEMATICO
Término temático o nombre geográfico como elemento de entrada Fauna
650 14 - ASIENTO SECUNDARIO DE MATERIA - TERMINO TEMATICO
Término temático o nombre geográfico como elemento de entrada Anfibios
650 14 - ASIENTO SECUNDARIO DE MATERIA - TERMINO TEMATICO
Término temático o nombre geográfico como elemento de entrada Nuevas especies
650 14 - ASIENTO SECUNDARIO DE MATERIA - TERMINO TEMATICO
Término temático o nombre geográfico como elemento de entrada Biología
650 14 - ASIENTO SECUNDARIO DE MATERIA - TERMINO TEMATICO
Término temático o nombre geográfico como elemento de entrada Morfología
651 #4 - ASIENTO SECUNDARIO DE MATERIA - NOMBRE GEOGRAFICO
-- Ecuador
653 ## - TERMINO DE INDIZACION - NO CONTROLADO
-- Leptodactylidae
-- Eleutherodactylus
-- Eleutherodactylus surdus
773 1# - Item fuente:
Título Proceedings of the Biological Society of Washington
Especificación de materiales 41
Descripción física 2
Paginas del Articulo 327-338
Lugar, editorial y fecha de publicación 1980
Información sobre la relación 93
942 ## - ELEMENTOS ADICIONALES (KOHA)
Tipo de ítem Artículo
Existencias
Withdrawn status Lost status Sistema de Clasificación Damaged status No para préstamo Colección Ubicación Permanente Ubicación actual Fecha de adquisición Fuente de Valor Total Checkouts Número topográfico Inventario / Código de Barras Date last seen Ejemplar Price effective from Tipo de material
    Dewey Decimal Classification   No para Préstamo Hemeroteca Bogotá Bogotá 27/02/2015 Gast, Fernando   AR 00087 Fuera de circulación 010315 25/03/2015 1 25/03/2015 Artículo